| 000 | 01315nam a22002657a 4500 | ||
|---|---|---|---|
| 003 | UA-OsUOA | ||
| 001 | 137757 | ||
| 007 | ta | ||
| 008 | 20190612b un ||||| |||| 00| 0 ukr d | ||
| 090 | _bA-67 | ||
| 942 | _cMGN | ||
| 040 |
_aUA-OsUOA _beng _cUA-OsUOA _dUA-OsUOA |
||
| 245 |
_aAnthropological Measurements of Philosophical Research _bThe Proceedings Scientific publication supports an open access policy _cEditor in Chief Volodymyr V. Khmil, Dnipro National University of Railway Transport named after Academician V. Lazaryan, Ukraine |
||
| 955 | _a1 | ||
| 041 | _aeng | ||
| 022 | _a2304-9685 | ||
| 856 | 4 | 0 | _uhttp://ampr.diit.edu.ua/issue/view/4277 |
| 520 | 3 | _aField of science and issues in focus: The collection includes the papers, which illuminate and comprehend new facets of human existence at the beginning of the new century. Particular attention concentrates on the forms of their manifestation and refl | |
| 520 | 3 | _aection in the science, culture, technology and language philosophy. The collection is intended for the research organizations employees, engineering employees, research and educational personnel, as well as for the doctoral candidates, postgraduates a | |
| 520 | 3 | _and for the higher school students.. | |
| 260 | _c2016 | ||
| 246 | 3 | 1 |
_a1 _n |
| 962 | _a2012 | ||
| 650 | 7 | _2UDC | |
| 999 |
_c422563 _d422563 |
||